| 000 | 00472nam a2200157 i 4500 | ||
|---|---|---|---|
| 001 | 70090 | ||
| 003 | ES-MaACL | ||
| 005 | 20230906170721.0 | ||
| 007 | t| | ||
| 008 | 040716s1981 sp ||||1| spa d | ||
| 100 | 1 |
_aGarcía-Murga Alcántara, Juan. _955016 |
|
| 245 | 1 | 0 |
_aSanta María de Guareña / _cJuan García-Murga Alcántara. |
| 260 |
_a[Don Benito : _bs..n, _c1981] ( _fImp. Arosuba) |
||
| 300 |
_a75 p., 17 lám. ; _c21 cm. |
||
| 852 |
_aES-MaACL _jL-1423 _bR.102242 |
||
| 999 |
_c70090 _d70090 |
||